Paul's thorn in the flesh. (Record no. 5153)

000 -LEADER
fixed length control field 00540nam a2200181 a 4500
001 - CONTROL NUMBER
control field :::00002894$&:&@@
003 - CONTROL NUMBER IDENTIFIER
control field OkBaRHE
005 - DATE AND TIME OF LATEST TRANSACTION
control field 20000607103258.0
008 - FIXED-LENGTH DATA ELEMENTS--GENERAL INFORMATION
fixed length control field s1983 j 000 0 eng u
040 ## - CATALOGING SOURCE
Transcribing agency
100 1# - MAIN ENTRY--PERSONAL NAME
Personal name Capps, Charles.
245 10 - TITLE STATEMENT
Title Paul's thorn in the flesh.
260 ## - PUBLICATION, DISTRIBUTION, ETC. (IMPRINT)
Place of publication, distribution, etc Dallas, TX., :
Name of publisher, distributor, etc Word of Faith Publishing
Date of publication, distribution, etc c1983
300 ## - PHYSICAL DESCRIPTION
Extent 62 p. ;
Dimensions 21 cm.
650 ## - SUBJECT ADDED ENTRY--TOPICAL TERM
Topical term or geographic name as entry element Paul
General subdivision Thorn in the flesh
942 ## - ADDED ENTRY ELEMENTS (KOHA)
Source of classification or shelving scheme
Koha item type Books
Copies
Date acquired Koha item type Lost status Price effective from Damaged status Withdrawn status Date last seen Shelving location Full call number Copy number Barcode Not for loan Permanent Location Source of classification or shelving scheme
2010-04-14Books 2010-04-14  2010-04-14General StacksBS 2505 .C312894 RHEMA Bible Training College